Economic environment of business : (Record no. 64481)

MARC details
000 -LEADER
fixed length control field 00637nam a22002177a 4500
005 - DATE AND TIME OF LATEST TRANSACTION
control field 20130408151437.0
010 ## - LCCN (DPL NO)
LC control number ENG-104907
020 ## - INTERNATIONAL STANDARD BOOK NUMBER
International Standard Book Number 9788180549076
Terms of availability 400.00
020 ## - INTERNATIONAL STANDARD BOOK NUMBER
International Standard Book Number 8180549070
Terms of availability 400.00
035 ## - SYSTEM CONTROL NUMBER
System control number EN-88440
037 ## - SOURCE OF ACQUISITION
Source of stock number/acquisition DBAD / PUB
082 ## - DEWEY DECIMAL CLASSIFICATION NUMBER
Classification number 338.954
100 ## - MAIN ENTRY--PERSONAL NAME
Personal name Adhikary, M.
245 ## - TITLE STATEMENT
Title Economic environment of business :
Remainder of title theory and the Indian case /
Statement of responsibility, etc by M. Adhikary
250 ## - EDITION STATEMENT
Edition statement 13th rev. ed.
260 ## - PUBLICATION, DISTRIBUTION, ETC. (IMPRINT)
Place of publication, distribution, etc New Delhi
Name of publisher, distributor, etc Sultan Chand
Date of publication, distribution, etc 2012
270 ## - ADDRESS
Address 23, Darya Ganj,
City New Delhi
Postal code 110 002
300 ## - PHYSICAL DESCRIPTION
Extent xii, 856p.
Dimensions 24cm(pbk )
942 ## - ADDED ENTRY ELEMENTS (KOHA)
Institution code [OBSOLETE] dpl
Item type English Books
Source of classification or shelving scheme Dewey Decimal Classification
Classification part 338.954
Call number suffix ADH
Holdings
Withdrawn status Lost status Not for loan Collection code Home library Current library Date acquired Source of acquisition Cost, normal purchase price Full call number Barcode Copy number Cost, replacement price Koha item type
    Not For Loan Non-fiction D.B.Act.Division D.B.Act.Division 28/03/2012 DBAD/PUB 400.00 338.954 ADH EN-88440 1 400.00 English Books

© Delhi Public Library
Hit Counter
free hit counter